000 01027nam0a22002891 4500
001 v19\rc\1433175
005 20250618132049.0
035 _a(NLR Aleph) 004578616
090 _a2498659
_c2498659
100 _a20060620d1868 |||y0rusy50 ca
101 0 _arus
102 _aRU
105 _ay z |||||
200 1 _aКолебательное движение европейского материка
_eСост. по ст. проф. Г.Е. Щуровского Н. Надежин
210 _aМосква
_cФ. Трапезников
_d1868
215 _a12 с.
_d26
309 _aБез тит. л.
309 _aНаписано от руки. Литогр.
700 1 _aНадежин
_bН.Н.
_gНиколай Николаевич
702 1 _aШуровский
_bГ.Е.
_f1803-1884
_gГригорий Ефимович
_4100
801 0 _aRU
_bNLR
_gpsbo
801 0 _aRU
_bRuMoRGB
_2psbo
801 1 _aRU
_bProSoft-M
_2rusmarc
852 _aNLR
_j18.276.1.416
899 _aRuMoRGB
_jV 26/109
942 _cBOOK
980 _aNB